[Event "FIDE World Rapid 2014"]
[Site "Dubai UAE"]
[Date "2014.06.18"]
[Round "11.17"]
[White "Matlakov, Maxim"]
[Black "Kryvoruchko, Yuriy"]
[Result "0-1"]
[WhiteTitle "GM"]
[BlackTitle "GM"]
[WhiteElo "2689"]
[BlackElo "2707"]
[WhiteFideId "4168003"]
[BlackFideId "14109182"]
[EventDate "2014.06.16"]

1. c4 e5 2. Nc3 Nf6 3. Nf3 Nc6 4. g3 Bc5 5. Nxe5 Bxf2+ 6. Kxf2 Nxe5 7. e4 c5 8.
d4 cxd4 9. Qxd4 O-O 10. h3 Re8 11. Bf4 Nc6 12. Qe3 b6 13. Bg2 Ne5 14. Qd4 Qe7
15. Rad1 Bb7 16. Rhf1 Bc6 17. Kg1 h6 18. b3 Kh7 19. Qf2 Rad8 20. Rd4 Qc5 21. Be3
Qe7 22. Qf5+ Ng6 23. Kh2 Qe5 24. Qf2 Qh5 25. Kg1 Qe5 26. Bf4 Qe6 27. Bc7 Rc8 28.
Bd6 Kg8 29. Ba3 Qe5 30. Qe3 d5 31. cxd5 Nxd5 32. Nxd5 Bxd5 33. Rfd1 Be6 34. Bd6
Qh5 35. g4 Qa5 36. R1d2 Nh4 37. Bf1 Rc3 38. R4d3 Rxd3 39. Rxd3 Qxa2 40. Bg3 Ng6
41. b4 Rc8 42. Ra3 Qb1 43. Rc3 Rd8 44. Rc1 Qxb4 45. Be2 a5 46. h4 f6 47. g5 fxg5
48. hxg5 hxg5 49. Qxg5 Qd2 50. Qxd2 Rxd2 51. Bh5 Nf8 52. Rb1 Nd7 53. Be8 Rd4 54.
Bxd7 Bxd7 55. Rxb6 Rxe4 56. Rb7 Be8 57. Bd6 Bf7 58. Kf2 a4 59. Ra7 g5 60. Kf3
Rc4 61. Be5 Kf8 62. Kg3 g4 63. Bf4 Be6 64. Bd6+ Kg8 65. Be5 Re4 66. Bf6 Kf8 67.
Kh4 Rc4 68. Kg3 Kg8 69. Rg7+ Kf8 70. Ra7 Bf5 71. Be5 Ke8 72. Bf6 Bd7 73. Bb2 Rb4
74. Be5 Re4 75. Bb2 Re3+ 76. Kf2 Rf3+ 77. Kg1 Ke7 78. Ra5 Rb3 79. Be5 Ke6 80.
Bd4 Bc6 81. Re5+ Kd6 82. Rg5 Bf3 83. Ra5 Bc6 84. Rg5 Bd7 85. Ra5 Rd3 86. Be5+
Ke6 87. Bf4 a3 88. Kh2 Bc6 89. Re5+ Kf6 90. Ra5 Bd5 91. Bc1 g3+ 92. Kh3 g2+ 93.
Kh2 Rh3+ 94. Kxh3 g1=Q 0-1

[Event "FIDE World Rapid 2014"]
[Site "Dubai UAE"]
[Date "2014.06.18"]
[Round "11.18"]
[White "Bacrot, Etienne"]
[Black "Van Wely, Loek"]
[Result "1-0"]
[WhiteTitle "GM"]
[BlackTitle "GM"]
[WhiteElo "2720"]
[BlackElo "2654"]
[WhiteFideId "605506"]
[BlackFideId "1000268"]
[EventDate "2014.06.16"]

1. g3 d5 2. Bg2 Nf6 3. c4 c6 4. Qb3 d4 5. Nf3 g6 6. e3 dxe3 7. fxe3 Bg7 8. d4
O-O 9. Nc3 c5 10. d5 Nbd7 11. O-O Ng4 12. Ne4 Qb6 13. Qc2 Nde5 14. Nh4 Qb4 15.
h3 Nf6 16. Nd2 b5 17. b3 Nh5 18. Ne4 bxc4 19. Bd2 cxb3 20. axb3 Qb6 21. d6 exd6
22. g4 d5 23. Nc3 Qd8 24. Nxg6 hxg6 25. gxh5 Qg5 26. Kh2 Qxh5 27. Nxd5 Qh4 28.
Ra4 c4 29. bxc4 Bd7 30. Ra6 Qxc4 31. Qxc4 Nxc4 32. Bb4 Bb5 33. Ra2 Ne5 34. Rf4
Rae8 35. Bxf8 Rxf8 36. Rxa7 Bh6 37. Ra5 Rb8 38. Rb4 1-0

[Event "FIDE World Rapid 2014"]
[Site "Dubai UAE"]
[Date "2014.06.18"]
[Round "11.19"]
[White "Mamedov, Rauf"]
[Black "Bologan, Viktor"]
[Result "1-0"]
[WhiteTitle "GM"]
[BlackTitle "GM"]
[WhiteElo "2659"]
[BlackElo "2661"]
[WhiteFideId "13401653"]
[BlackFideId "13900048"]
[EventDate "2014.06.16"]

1. e4 c5 2. Nf3 d6 3. Bb5+ Nd7 4. O-O a6 5. Bd3 Ngf6 6. c3 b5 7. Bc2 Bb7 8. Re1
c4 9. b3 e6 10. bxc4 bxc4 11. Na3 Rc8 12. Rb1 Ba8 13. Qe2 Qc7 14. d3 cxd3 15.
Bxd3 Nc5 16. Bxa6 Nxa6 17. Qxa6 Bxe4 18. Nb5 Qc6 19. Qxc6+ Rxc6 20. Rb3 Bxf3 21.
gxf3 Be7 22. Nd4 Rc8 23. Bd2 O-O 24. a4 Bd8 25. Nb5 d5 26. Bf4 Ba5 27. Bd6 Rfd8
28. Bb4 Ra8 29. Nd4 Rdc8 30. Bxa5 Rxa5 31. Nc6 Raa8 32. Ne7+ Kf8 33. Nxc8 Rxc8
34. a5 Ra8 35. Ra1 Nd7 36. a6 Ke7 37. c4 Nc5 38. Rb6 Ra7 39. Rc6 Nb3 40. Ra3 Kd7
41. cxd5 exd5 42. Rb6 Nc5 43. Ra5 Kc7 44. Rbb5 Nxa6 45. Rxd5 Kc6 46. Rd2 Kb6 47.
Rda2 g6 48. Kg2 Ra8 49. Kg3 f6 50. f4 f5 51. h4 h5 52. Kf3 Ra7 53. Rxa6+ Rxa6
54. Rxa6+ Kxa6 55. Ke3 Kb6 56. Kd4 Kc6 57. Ke5 1-0

[Event "FIDE World Rapid 2014"]
[Site "Dubai UAE"]
[Date "2014.06.18"]
[Round "11.21"]
[White "Wojtaszek, Radoslaw"]
[Black "Dubov, Daniil"]
[Result "1-0"]
[WhiteTitle "GM"]
[BlackTitle "GM"]
[WhiteElo "2715"]
[BlackElo "2614"]
[WhiteFideId "1118358"]
[BlackFideId "24126055"]
[EventDate "2014.06.16"]

1. d4 e6 2. c4 c5 3. d5 exd5 4. cxd5 g6 5. e4 Bg7 6. Nc3 d6 7. Be2 Nf6 8. Nf3
O-O 9. Nd2 Re8 10. O-O Na6 11. f3 Nc7 12. a4 Nd7 13. Kh1 b6 14. Nb5 Nxb5 15.
Bxb5 Rf8 16. a5 bxa5 17. Nc4 Ne5 18. Nxa5 f5 19. Nc6 Qb6 20. f4 Nxc6 21. Bxc6
Rb8 22. e5 dxe5 23. fxe5 Bxe5 24. Qe1 Qc7 25. Rxa7 Qxa7 26. Qxe5 Bd7 27. Bh6
Bxc6 28. Bxf8 Re8 29. Qc3 Bxd5 30. Bxc5 Qb7 31. Rf2 Re4 32. h3 Qc7 33. Bd4 Qd7
34. Rd2 f4 35. Bf2 Qe6 36. Qd3 Re5 37. Kh2 f3 38. gxf3 Rf5 39. Bg3 h6 40. Re2
Qf7 41. Rc2 Rxf3 42. Qd4 Bb7 43. Rc7 Rxg3 44. Qd8+ Qf8 45. Qxf8+ Kxf8 46. Kxg3
Bd5 47. b4 Ke8 48. b5 Kd8 49. b6 Be4 50. Rh7 Kc8 51. Kf4 Bc2 52. Rxh6 Kb7 53. h4
Bb1 1-0

[Event "FIDE World Rapid 2014"]
[Site "Dubai UAE"]
[Date "2014.06.18"]
[Round "11.23"]
[White "Salgado Lopez, Ivan"]
[Black "Meier, Georg"]
[Result "0-1"]
[WhiteTitle "GM"]
[BlackTitle "GM"]
[WhiteElo "2622"]
[BlackElo "2632"]
[WhiteFideId "2257327"]
[BlackFideId "4675789"]
[EventDate "2014.06.16"]

1. e4 e6 2. Qe2 c5 3. Nf3 Nc6 4. b3 d6 5. g3 g6 6. Bb2 e5 7. Bg2 Bg7 8. d3 Nge7
9. O-O O-O 10. Nbd2 h6 11. a3 Be6 12. c3 b5 13. d4 exd4 14. cxd4 cxd4 15. Qxb5
Rb8 16. Qa4 Qb6 17. b4 a5 18. Rfc1 axb4 19. axb4 Rfc8 20. Rab1 Qxb4 21. Qxb4
Rxb4 22. Ba3 Rxb1 23. Rxb1 Rd8 24. h3 g5 25. Bf1 d5 26. e5 Ng6 27. Nb3 Ngxe5 28.
Nfxd4 Nxd4 29. Nxd4 Nc4 30. Be7 Re8 31. Nxe6 fxe6 32. Rb7 Bd4 33. Be2 Ne5 34.
Kg2 Ra8 35. Bf6 Nc6 36. Bxd4 Nxd4 37. Bh5 Ra2 38. Bg6 Rd2 39. Re7 Kf8 40. Rh7 e5
41. Rf7+ Kg8 42. Rd7 e4 43. Bf7+ Kf8 44. Bxd5 e3 45. Rf7+ Ke8 46. Ra7 e2 47.
Ra8+ Ke7 0-1

[Event "FIDE World Rapid 2014"]
[Site "Dubai UAE"]
[Date "2014.06.18"]
[Round "11.24"]
[White "Onischuk, Vladimir"]
[Black "Salem, A.R. Saleh"]
[Result "1/2-1/2"]
[WhiteTitle "GM"]
[BlackTitle "GM"]
[WhiteElo "2594"]
[BlackElo "2581"]
[WhiteFideId "14114038"]
[BlackFideId "9301348"]
[EventDate "2014.06.16"]

1. e4 e5 2. Nf3 Nc6 3. Bb5 f5 4. Nc3 fxe4 5. Nxe4 Nf6 6. Qe2 d5 7. Nxf6+ gxf6 8.
O-O Bg7 9. Nd4 Bd7 10. Qh5+ Kf8 11. Nxc6 bxc6 12. Be2 Qe8 13. f4 Qxh5 14. Bxh5
Be8 15. Bxe8 Kxe8 16. d3 Ke7 17. Be3 a6 18. Rf3 Rae8 19. fxe5 fxe5 20. Raf1 Kd6
21. Rf7 Rhg8 22. b3 c5 23. R1f5 Kc6 24. Rg5 e4 25. dxe4 Bd4 26. exd5+ Kb7 27.
Rxg8 Bxe3+ 28. Kf1 Rxg8 29. d6 Kc6 30. Rxc7+ Kxd6 31. Rxh7 Bd4 32. Rh6+ Kd5 33.
g3 Rf8+ 34. Ke2 Rf2+ 35. Kd3 Rf3+ 36. Ke2 Rc3 37. Rh5+ Ke4 38. Rh4+ Kf5 39. Rf4+
Ke5 40. Kd2 Re3 41. Rf8 Kd5 42. c4+ Kc6 43. Rf6+ Kb7 44. Rf7+ Kb6 45. Rf6+ Ka5
46. Rg6 Rf3 47. h4 Rf2+ 48. Kd3 Rxa2 49. h5 Rb2 50. g4 Rxb3+ 51. Ke4 Rh3 52. Kd5
Be3 53. Re6 Bd4 54. Rg6 Bg1 55. Re6 Rh4 56. Rg6 Kb4 57. h6 a5 58. g5 Be3 59. Rg7
Rh5 60. h7 Bxg5 61. Rb7+ Kc3 62. Kxc5 Bf6+ 63. Kd6 Kxc4 64. Ke6 Bd4 65. Rc7+ Kb3
66. Rb7+ Kc4 67. Rc7+ Kd3 68. Rf7 a4 69. Rf3+ Ke4 70. Ra3 Rh6+ 71. Kd7 Ra6 72.
Kc7 Kd5 73. Kb7 Ra7+ 74. Kb8 Ra5 75. Rd3 Kc6 76. Rxd4 Rh5 77. Rxa4 Rxh7 1/2-1/2

[Event "FIDE World Rapid 2014"]
[Site "Dubai UAE"]
[Date "2014.06.18"]
[Round "11.25"]
[White "Safarli, Eltaj"]
[Black "Glek, Igor"]
[Result "1-0"]
[WhiteTitle "GM"]
[BlackTitle "GM"]
[WhiteElo "2649"]
[BlackElo "2438"]
[WhiteFideId "13402129"]
[BlackFideId "4100484"]
[EventDate "2014.06.16"]

1. e4 e6 2. d4 d5 3. Nd2 c5 4. Ngf3 a6 5. c3 cxd4 6. cxd4 dxe4 7. Nxe4 Bb4+ 8.
Nc3 Nf6 9. Bd3 Bd7 10. O-O Bc6 11. Bg5 Nbd7 12. Re1 O-O 13. Ne5 Be7 14. Nxc6
bxc6 15. Qf3 Qb6 16. Qh3 Rfe8 17. Rad1 Nf8 18. Bc1 Rad8 19. a3 Ng6 20. b4 a5 21.
b5 cxb5 22. Bxb5 Rf8 23. Qd3 e5 24. d5 Bc5 25. Be3 Nf4 26. Qc4 Bxe3 27. fxe3 Rc8
28. Na4 Qd6 29. Qb3 Ng6 30. e4 Rb8 31. Rb1 Nf4 32. Qe3 Ng4 33. Qf3 h5 34. h3 Nf6
35. Qe3 h4 36. Qc5 Qd8 37. d6 Nd7 38. Bxd7 Rxb1 39. Rxb1 Qxd7 40. Nb6 Qe6 41. d7
Rd8 42. Qf2 Qg6 43. Qf3 Qd6 44. Kh2 Ne6 45. Qf2 Rb8 46. Nc8 Qc7 47. Ne7+ Kf8 48.
Nd5 Qd8 49. Rxb8 Qxb8 50. Qxh4 Kg8 51. Ne7+ Kf8 52. Nc6 1-0

[Event "FIDE World Rapid 2014"]
[Site "Dubai UAE"]
[Date "2014.06.18"]
[Round "11.26"]
[White "Volokitin, Andrei"]
[Black "Cheparinov, Ivan"]
[Result "0-1"]
[WhiteTitle "GM"]
[BlackTitle "GM"]
[WhiteElo "2638"]
[BlackElo "2682"]
[WhiteFideId "14107090"]
[BlackFideId "2905540"]
[EventDate "2014.06.16"]

1. Nf3 Nf6 2. c4 g6 3. Nc3 Bg7 4. e4 d6 5. d4 O-O 6. Be2 e5 7. O-O Nc6 8. d5 Ne7
9. Ne1 Nd7 10. Be3 f5 11. f3 f4 12. Bf2 g5 13. Nd3 Nf6 14. c5 Ng6 15. Rc1 Rf7
16. a4 h5 17. a5 g4 18. cxd6 cxd6 19. Nb5 g3 20. hxg3 fxg3 21. Bxg3 h4 22. Be1
Nh5 23. f4 Nhxf4 24. Bh5 Qg5 25. Nxf4 Rxf4 26. Nxd6 h3 27. Bf3 hxg2 28. Rf2 Bh3
29. Bd2 Raf8 30. Nf5 Bxf5 31. Rxg2 Qh4 32. exf5 R4xf5 33. Bg4 Rf2 34. Be6+ Kh8
35. Qg4 Rxg2+ 36. Qxg2 e4 37. Be3 Ne5 38. Qh1 Qxh1+ 39. Kxh1 Rf3 40. Bd4 e3 41.
Re1 Nc4 42. Bxg7+ Kxg7 43. b3 Nd6 44. Kg2 Rf2+ 45. Kg1 Rf3 46. Kg2 Rf2+ 47. Kg1
Ra2 48. Rxe3 Rxa5 49. Kf2 Kf6 50. Bg8 Kf5 51. Re6 Rxd5 0-1

[Event "FIDE World Rapid 2014"]
[Site "Dubai UAE"]
[Date "2014.06.18"]
[Round "11.27"]
[White "Anton Guijarro, David"]
[Black "Eljanov, Pavel"]
[Result "0-1"]
[WhiteTitle "GM"]
[BlackTitle "GM"]
[WhiteElo "2631"]
[BlackElo "2723"]
[WhiteFideId "2285525"]
[BlackFideId "14102951"]
[EventDate "2014.06.16"]

1. d4 Nf6 2. c4 e6 3. Nc3 Bb4 4. e3 O-O 5. a3 Bxc3+ 6. bxc3 b6 7. Bd3 Bb7 8. f3
c5 9. Ne2 Nc6 10. e4 Ne8 11. O-O Na5 12. f4 f5 13. Ng3 Nd6 14. exf5 exf5 15.
dxc5 bxc5 16. Rb1 Qc7 17. Re1 g6 18. Bf1 Rae8 19. Be3 Ndxc4 20. Bf2 Rxe1 21.
Qxe1 d6 22. Qd1 Qf7 23. a4 Bc6 24. Ne2 Qd7 25. h4 Bxa4 26. Qd3 Bc6 27. Ra1 Be4
28. Qg3 Nb3 29. Rd1 Nbd2 30. Qg5 Qg7 31. Ra1 Nxf1 32. Kxf1 Bd3 33. Rd1 Qxc3 34.
Qe7 Qf6 35. Qxa7 Qb2 36. Rxd3 Qb1+ 37. Be1 Qxd3 38. Bc3 Ne3+ 39. Kg1 Qd1+ 40.
Kh2 Ng4+ 41. Kh3 Nf2+ 42. Kg3 Ne4+ 43. Kh2 Nxc3 44. Nxc3 Qd4 0-1

[Event "FIDE World Rapid 2014"]
[Site "Dubai UAE"]
[Date "2014.06.18"]
[Round "11.28"]
[White "Potkin, Vladimir"]
[Black "Ipatov, Alexander"]
[Result "1-0"]
[WhiteTitle "GM"]
[BlackTitle "GM"]
[WhiteElo "2621"]
[BlackElo "2613"]
[WhiteFideId "4131061"]
[BlackFideId "14116731"]
[EventDate "2014.06.16"]

1. d4 Nf6 2. c4 e6 3. Nf3 b6 4. g3 Bb7 5. Bg2 g6 6. O-O Bg7 7. Qc2 O-O 8. Nc3 d6
9. e4 Nbd7 10. Be3 Ng4 11. Bg5 f6 12. Bd2 e5 13. h3 Nh6 14. Rad1 Nf7 15. Rfe1 c6
16. Be3 Qe7 17. b4 exd4 18. Nxd4 Nfe5 19. Qe2 Rfe8 20. f4 Nf7 21. Qc2 Rac8 22.
Nb3 Ba6 23. Nd2 Bb7 24. Bf2 Qf8 25. a3 Kh8 26. Kh2 Re7 27. Nb3 Ree8 28. c5 Rcd8
29. Rd2 dxc5 30. bxc5 Bc8 31. Red1 b5 32. Na2 Nb8 33. Nb4 Rxd2 34. Rxd2 g5 35.
Nd4 Nd8 36. Nf5 Bxf5 37. exf5 gxf4 38. gxf4 a5 39. Nd3 Na6 40. Qc3 a4 41. Qa5
Nb8 42. Qc7 Nf7 43. Nb4 Re7 44. Qb6 Bh6 45. Bg3 Re3 46. Nxc6 Nxc6 47. Qxc6 Rxg3
48. Kxg3 Bxf4+ 49. Kxf4 Qh6+ 50. Kg3 Qg5+ 51. Kh2 Qf4+ 52. Kh1 Qxd2 53. Qxf6+
Kg8 54. Qe7 Qc1+ 55. Kh2 Qf4+ 56. Kg1 Qd4+ 57. Kf1 Qd3+ 58. Ke1 Qb1+ 59. Ke2
Qc2+ 60. Kf3 Qxf5+ 61. Ke3 Qb1 62. Be4 Qc1+ 63. Kd4 Qxa3 64. Kd5 Qxh3 65. Kc6 a3
66. Bd5 Qf5 67. Be6 Qf3+ 68. Kxb5 Qf1+ 69. Kb6 Qf2 70. Kc6 a2 71. Qa7 Qf3+ 72.
Kb6 Qg2 1-0

[Event "FIDE World Rapid 2014"]
[Site "Dubai UAE"]
[Date "2014.06.18"]
[Round "11.29"]
[White "Bartel, Mateusz"]
[Black "Laznicka, Viktor"]
[Result "1-0"]
[WhiteTitle "GM"]
[BlackTitle "GM"]
[WhiteElo "2641"]
[BlackElo "2679"]
[WhiteFideId "1112635"]
[BlackFideId "316385"]
[EventDate "2014.06.16"]

1. e4 c6 2. Nc3 d5 3. Nf3 Bg4 4. h3 Bxf3 5. Qxf3 e6 6. Qg3 Nf6 7. d3 Qb6 8. Be2
Nbd7 9. O-O g6 10. Rb1 Bg7 11. Bf4 O-O 12. Bc7 Qd4 13. Bf4 Rfd8 14. a3 Qc5 15.
Bd6 Qd4 16. Bf3 a6 17. Bf4 Qa7 18. e5 Ne8 19. h4 b5 20. h5 a5 21. hxg6 hxg6 22.
Nd1 Qc7 23. d4 Qb6 24. c3 c5 25. Ne3 cxd4 26. cxd4 Qxd4 27. Rfd1 Qa7 28. Ng4
Rdc8 29. Be2 b4 30. Rbc1 Nc5 31. Bb5 Qe7 32. Qe3 Kf8 33. Bg5 Qa7 34. Nf6 Nxf6
35. exf6 Bh8 36. Qd4 Qb6 37. a4 Qd6 38. Bf4 Qd8 39. Rxc5 Bxf6 40. Rxc8 Rxc8 41.
Be5 Bxe5 42. Qxe5 Kg8 43. g3 Qb6 44. Bd3 Qc7 45. Qf6 Qc6 46. Kg2 d4+ 47. f3 Qxa4
48. Rh1 Rc2+ 49. Bxc2 Qxc2+ 50. Kh3 1-0

[Event "FIDE World Rapid 2014"]
[Site "Dubai UAE"]
[Date "2014.06.18"]
[Round "11.30"]
[White "Antipov, Mikhail Al."]
[Black "Milov, Vadim"]
[Result "1-0"]
[WhiteTitle "GM"]
[BlackTitle "GM"]
[WhiteElo "2502"]
[BlackElo "2622"]
[WhiteFideId "4107012"]
[BlackFideId "1304364"]
[EventDate "2014.06.16"]

1. e4 c5 2. Nf3 e6 3. b3 b6 4. Bb2 Bb7 5. Qe2 Nc6 6. Nc3 Nd4 7. Qd3 Nxf3+ 8.
Qxf3 Nf6 9. O-O-O a6 10. Qe3 Qc7 11. Be2 b5 12. e5 Nd5 13. Nxd5 Bxd5 14. Bf3 Qc6
15. c4 Bxf3 16. Qxf3 Qxf3 17. gxf3 Be7 18. f4 O-O 19. d4 bxc4 20. bxc4 Rab8 21.
Bc3 cxd4 22. Rxd4 Rfc8 23. Kc2 Bc5 24. Rxd7 Bxf2 25. Kd3 g6 26. Rd1 Bc5 27. Rd2
Ba3 28. Ba5 Kf8 29. Ra7 Rc6 30. Kc3 Bc5 31. Rad7 Be7 32. R2d4 Bh4 33. Bd8 Bf2
34. R4d6 Rxd6 35. Rxd6 a5 36. Bf6 Be3 37. Kd3 Bc5 38. Rc6 Be7 39. c5 Ke8 40. Rc7
Bxf6 41. exf6 Rb4 42. c6 Kd8 43. Rxf7 Rxf4 44. Rf8+ Kc7 45. f7 1-0

[Event "FIDE World Rapid 2014"]
[Site "Dubai UAE"]
[Date "2014.06.18"]
[Round "11.31"]
[White "Lenic, Luka"]
[Black "Aleksandrov, Aleksej"]
[Result "1-0"]
[WhiteTitle "GM"]
[BlackTitle "GM"]
[WhiteElo "2659"]
[BlackElo "2554"]
[WhiteFideId "14603853"]
[BlackFideId "13500139"]
[EventDate "2014.06.16"]

1. Nf3 Nf6 2. g3 b5 3. Bg2 Bb7 4. Na3 b4 5. Nc4 a5 6. O-O e6 7. d3 d5 8. Nce5
Bd6 9. c4 O-O 10. cxd5 exd5 11. d4 Ne4 12. Bf4 Re8 13. Nd3 Bxf4 14. Nxf4 Nd7 15.
Nd3 Nb6 16. a3 bxa3 17. Rxa3 a4 18. Qc2 Ba6 19. Rc1 Nd6 20. e3 Bc8 21. Nc5 Bf5
22. Qd1 Nbc4 23. Ra2 c6 24. Nxa4 Qb8 25. b3 Na5 26. Nc5 Nb5 27. Ne5 f6 28. Ned3
Re7 29. Nb4 Qd6 30. Nxc6 Qxc6 31. b4 Rea7 32. Rxa5 Rxa5 33. bxa5 1-0

[Event "FIDE World Rapid 2014"]
[Site "Dubai UAE"]
[Date "2014.06.18"]
[Round "11.32"]
[White "Hansen, Eric"]
[Black "Najer, Evgeniy"]
[Result "0-1"]
[WhiteTitle "GM"]
[BlackTitle "GM"]
[WhiteElo "2584"]
[BlackElo "2653"]
[WhiteFideId "2606771"]
[BlackFideId "4118987"]
[EventDate "2014.06.16"]

1. e4 c6 2. d4 d5 3. e5 c5 4. dxc5 Nc6 5. Nf3 Bg4 6. c3 e6 7. Be3 a6 8. Qa4 Bxf3
9. gxf3 Ne7 10. Nd2 Qd7 11. b4 Nxe5 12. Qxd7+ Nxd7 13. Nb3 Nf5 14. Bd3 Nxe3 15.
fxe3 Be7 16. f4 g5 17. Rg1 h6 18. a4 Bd8 19. Ke2 Bc7 20. Raf1 Ke7 21. Nd4 f5 22.
a5 Rhg8 23. c6 bxc6 24. Nxc6+ Kf6 25. Rg3 g4 26. Rgg1 Rgc8 27. Nd4 Bd6 28. Kd2
h5 29. h3 Bf8 30. hxg4 hxg4 31. Rh1 Bg7 32. Rh7 Nf8 33. Rh5 Kf7 34. Ne2 Rc6 35.
Rc1 Nd7 36. Rhh1 Nf6 37. Nd4 Rd6 38. Ke2 Rc8 39. c4 dxc4 40. Rxc4 Rxc4 41. Bxc4
Ne4 42. Bxe6+ Rxe6 43. Nxe6 Ng3+ 44. Kd2 Nxh1 45. Ng5+ Ke7 46. b5 Kd7 47. bxa6
Kc8 48. e4 fxe4 49. Nxe4 g3 50. Ng5 g2 51. Nh3 Bd4 52. Ke2 Nf2 53. Ng1 Ng4 54.
Nh3 Nf2 55. Ng1 Nd3 0-1

[Event "FIDE World Rapid 2014"]
[Site "Dubai UAE"]
[Date "2014.06.18"]
[Round "11.33"]
[White "Durarbayli, Vasif"]
[Black "Fedoseev, Vladimir3"]
[Result "0-1"]
[WhiteTitle "GM"]
[BlackTitle "GM"]
[WhiteElo "2590"]
[BlackElo "2662"]
[WhiteFideId "13402935"]
[BlackFideId "24130737"]
[EventDate "2014.06.16"]

1. g3 d5 2. Bg2 Nf6 3. Nf3 Bg4 4. c4 c6 5. Ne5 Be6 6. cxd5 Bxd5 7. Nf3 c5 8. O-O
e6 9. Nc3 Bc6 10. b3 Be7 11. Bb2 O-O 12. d3 Na6 13. e4 Qc7 14. Qe2 Rad8 15. Rfd1
e5 16. Rac1 Rfe8 17. Nd2 Bf8 18. Nc4 b6 19. a3 Qb8 20. Rf1 Nc7 21. Nd1 Nd7 22.
f4 exf4 23. Rxf4 Ne6 24. Rf1 b5 25. Nce3 Ne5 26. Nf2 Nd4 27. Qd1 c4 28. bxc4
bxc4 29. Rb1 Qb6 30. Kh1 Qc5 31. Rc1 Qb5 32. Rb1 Qa6 33. Nd5 Bc5 34. dxc4 Ba4
35. Qh5 Qg6 36. Qxg6 hxg6 37. Nd1 Bc2 38. Bxd4 Bxd4 39. Rb7 Bd3 40. Re1 Bxc4 41.
N1e3 Bxd5 42. Nxd5 Nd3 43. Rf1 Nf2+ 44. Rxf2 Bxf2 45. Bf3 Rb8 46. Rd7 Red8 47.
Re7 Rb2 48. e5 Rc8 49. Rd7 Rcc2 50. Kg2 Bd4+ 51. Kh3 Rxh2+ 52. Kg4 Bxe5 53. Rxa7
Rbf2 54. Ne7+ Kh7 55. Be4 f5+ 56. Nxf5 gxf5+ 57. Bxf5+ Kh6 58. Ra8 g6 59. Ra6
Rxf5 0-1

[Event "FIDE World Rapid 2014"]
[Site "Dubai UAE"]
[Date "2014.06.18"]
[Round "11.34"]
[White "Lu, Shanglei"]
[Black "Polgar, Judit"]
[Result "1-0"]
[WhiteTitle "GM"]
[BlackTitle "GM"]
[WhiteElo "2546"]
[BlackElo "2685"]
[WhiteFideId "8603332"]
[BlackFideId "700070"]
[EventDate "2014.06.16"]

1. e4 c5 2. Nf3 Nc6 3. Bb5 e6 4. O-O Nge7 5. Re1 a6 6. Bf1 g6 7. c3 Bg7 8. d4
cxd4 9. cxd4 d5 10. Nc3 dxe4 11. Nxe4 Nd5 12. Bg5 f6 13. Bh4 O-O 14. Nc5 Re8 15.
Rc1 g5 16. Bg3 g4 17. Nd2 f5 18. Be5 Nxe5 19. dxe5 b6 20. Ncb3 Bh6 21. Rc6 Bb7
22. Rd6 Qg5 23. Nc4 Bf8 24. Nd4 Rad8 25. Nxe6 Rxe6 26. Rxe6 Nf4 27. Qb3 Bd5 28.
Rxb6 Bc5 29. g3 Ne6 30. Rd1 Nd4 31. Rxd4 Bxd4 32. Rd6 Rxd6 33. exd6 f4 34. d7
fxg3 35. Qxg3 Bf6 36. Ne3 Be6 37. Qd6 Kf7 38. Bxa6 h5 39. b3 Be7 40. Qc6 Qa5 41.
Bc4 Bxc4 42. Qxc4+ Kg7 43. Qd4+ Bf6 44. b4 Qa8 45. Qd5 Qb8 46. Qxh5 Qc7 47. Nf5+ 1-0

[Event "FIDE World Rapid 2014"]
[Site "Dubai UAE"]
[Date "2014.06.18"]
[Round "11.35"]
[White "Mchedlishvili, Mikheil"]
[Black "Andriasian, Zaven"]
[Result "1/2-1/2"]
[WhiteTitle "GM"]
[BlackTitle "GM"]
[WhiteElo "2632"]
[BlackElo "2611"]
[WhiteFideId "13600966"]
[BlackFideId "13302000"]
[EventDate "2014.06.16"]

1. Nf3 Nf6 2. c4 c6 3. g3 d5 4. Bg2 Bf5 5. cxd5 cxd5 6. Qb3 Nbd7 7. Qxb7 Nc5 8.
Qb4 a5 9. Qf4 e6 10. O-O Bd6 11. Qe3 Ng4 12. Qc3 O-O 13. d3 Rc8 14. Qd2 e5 15.
Nc3 d4 16. Nb5 Bb8 17. Qd1 Qd7 18. a4 Be6 19. Nd2 f5 20. b3 Qf7 21. Ba3 Rfd8 22.
Rc1 Nd7 23. Bd6 Qh5 24. h3 Ngf6 25. Bxb8 Rxb8 26. Rc6 Nf8 27. Nf3 N6d7 28. Nh2
Nf6 29. Rc5 N8d7 30. Rc6 Nf8 31. Rc5 N8d7 1/2-1/2

[Event "FIDE World Rapid 2014"]
[Site "Dubai UAE"]
[Date "2014.06.18"]
[Round "11.36"]
[White "Sokolov, Ivan"]
[Black "Korobov, Anton"]
[Result "0-1"]
[WhiteTitle "GM"]
[BlackTitle "GM"]
[WhiteElo "2650"]
[BlackElo "2680"]
[WhiteFideId "14400030"]
[BlackFideId "14105730"]
[EventDate "2014.06.16"]

1. d4 Nf6 2. c4 e6 3. Nf3 d5 4. Bg5 c6 5. cxd5 exd5 6. Qc2 Be7 7. e3 Nbd7 8. Nc3
Nh5 9. Bxe7 Qxe7 10. O-O-O Nb6 11. Ne5 g6 12. Qb3 Nf6 13. h3 Be6 14. f3 Nfd7 15.
Nd3 O-O 16. Nf4 c5 17. dxc5 Nxc5 18. Qa3 Rac8 19. Kb1 Rfd8 20. Ka1 Qf6 21. Rd4
Qe5 22. Be2 Qxe3 23. Rhd1 Nca4 24. Nb1 Qxa3 25. Nxa3 Kg7 26. Bb5 Nc5 27. Nc4
Ncd7 28. Bxd7 Rxd7 29. Nxb6 axb6 30. g4 g5 31. Ne2 Rc2 32. R4d2 Rxd2 33. Rxd2
Kf6 34. Rd4 Ke5 35. b3 f5 36. Kb2 fxg4 37. hxg4 Bf7 38. Rb4 d4 39. Rb5+ Rd5 40.
Rxb6 d3 41. Nc3 d2 42. Kc2 Rd7 43. Rb4 Bg6+ 44. Kd1 Rd8 45. a4 h5 46. Rxb7 h4
47. Rb6 Bf7 48. Rb5+ Bd5 49. Kxd2 h3 50. Nd1 Kf4 51. Nf2 h2 52. Ke1 Bxf3 0-1

[Event "FIDE World Rapid 2014"]
[Site "Dubai UAE"]
[Date "2014.06.18"]
[Round "11.37"]
[White "Ragger, Markus"]
[Black "Al-Sayed, Mohammed"]
[Result "1-0"]
[WhiteTitle "GM"]
[BlackTitle "GM"]
[WhiteElo "2632"]
[BlackElo "2505"]
[WhiteFideId "1610856"]
[BlackFideId "12100196"]
[EventDate "2014.06.16"]

1. d4 Nf6 2. c4 g6 3. Nc3 Bg7 4. e4 d6 5. Nf3 O-O 6. Be2 e5 7. O-O Nc6 8. d5 Ne7
9. Ne1 Nd7 10. Nd3 f5 11. f3 f4 12. Bd2 g5 13. Rc1 Ng6 14. c5 Nf6 15. Nb5 a6 16.
cxd6 axb5 17. dxc7 Qe8 18. Qb3 g4 19. Nc5 Nh4 20. fxg4 Nxg4 21. Be1 Nxg2 22.
Kxg2 b6 23. Ne6 Ne3+ 24. Kh1 Qg6 25. Rf2 Re8 26. Bf3 Kh8 27. Bb4 Rxe6 28. dxe6
Bxe6 29. Qd3 Qe8 30. b3 Bf6 31. Qd6 Kg7 32. Rc6 1-0